000 nam a22 4500
999 _c8889
_d8889
008 180317b ||||| |||| 00| 0 eng d
245 _aWWF: Endangered species poached in protected areas.
260 _aPhilippines
_bManila Bulletin
_cc2017
300 _apage B-6.
650 0 _926882
_aEndangered species.
942 _2ddc
_cPER